| 000 | 00473nam a2200169 a 4500 | ||
|---|---|---|---|
| 001 | 3212 | ||
| 003 | CDMR | ||
| 005 | 20131030122257.0 | ||
| 008 | 130130s1965||||||||||||||||||||||||||||d | ||
| 040 |
_aCDMR _bcat _cCDMR |
||
| 100 | 1 |
_aRhode, Robert Bartlett _92330 |
|
| 245 | 1 | 0 |
_aPress photography _b: reporting with a camera _cRobert B. Rhode, Floyd H. McHall |
| 260 |
_aNew York _c1965 _bMacmillan |
||
| 300 |
_a244 p. _bil. |
||
| 650 | 0 | 4 |
_91270 _aFotoperiodisme |
| 942 |
_cMON _2udc |
||
| 999 |
_c3212 _d3212 |
||